Die feindlichen brüder

Uloženo v:
Podrobná bibliografie
Hlavní autor: Sforza, Carlo
Médium: Kniha
Jazyk:Undetermined
Vydáno: Berlin S. Fischer 1933
Témata:
Tagy: Přidat tag
Žádné tagy, Buďte první, kdo otaguje tento záznam!
Thư viện lưu trữ: Trung tâm Học liệu Trường Đại học Cần Thơ
LEADER 00546nam a2200205Ia 4500
001 CTU_110048
008 210402s9999 xx 000 0 und d
082 |a 940.46 
082 |b S523 
100 |a Sforza, Carlo 
245 0 |a Die feindlichen brüder 
245 0 |c Carlo Sforza 
260 |a Berlin 
260 |b S. Fischer 
260 |c 1933 
650 |a Europe,World war, 1914-1918 
650 |x Politics and government,Influence 
650 |y 1914- 
904 |i Trọng Hải 
980 |a Trung tâm Học liệu Trường Đại học Cần Thơ